Management Research / (Record no. 11137)
[ view plain ]
| 000 -LEADER | |
|---|---|
| fixed length control field | 01517cam a2200421 a 4500 |
| 001 - CONTROL NUMBER | |
| control field | 15032556 |
| 005 - DATE AND TIME OF LATEST TRANSACTION | |
| control field | 20201128020718.0 |
| 008 - FIXED-LENGTH DATA ELEMENTS--GENERAL INFORMATION | |
| fixed length control field | 071003s2008 caua b 001 0 eng d |
| 010 ## - LIBRARY OF CONGRESS CONTROL NUMBER | |
| LC control number | 2007938693 |
| 015 ## - NATIONAL BIBLIOGRAPHY NUMBER | |
| National bibliography number | GBA7A0009 |
| Source | bnb |
| 016 7# - NATIONAL BIBLIOGRAPHIC AGENCY CONTROL NUMBER | |
| Record control number | 014464628 |
| Source | Uk |
| 020 ## - INTERNATIONAL STANDARD BOOK NUMBER | |
| International Standard Book Number | 1847871763 (hbk.) |
| 020 ## - INTERNATIONAL STANDARD BOOK NUMBER | |
| International Standard Book Number | 9781847871763 (hbk.) |
| 020 ## - INTERNATIONAL STANDARD BOOK NUMBER | |
| International Standard Book Number | 1847871771 (pbk.) |
| 020 ## - INTERNATIONAL STANDARD BOOK NUMBER | |
| International Standard Book Number | 9781847871770 (pbk.) |
| 035 ## - SYSTEM CONTROL NUMBER | |
| System control number | (OCoLC)ocn183149164 |
| 040 ## - CATALOGING SOURCE | |
| Original cataloging agency | UKM |
| Transcribing agency | UKM |
| Modifying agency | BTCTA |
| -- | BAKER |
| -- | YDXCP |
| -- | BWKUK |
| -- | BWK |
| -- | DLC |
| 042 ## - AUTHENTICATION CODE | |
| Authentication code | lccopycat |
| 050 00 - LIBRARY OF CONGRESS CALL NUMBER | |
| Classification number | HD30.4 |
| Item number | .E265 2008 |
| 082 04 - DEWEY DECIMAL CLASSIFICATION NUMBER | |
| Classification number | 650.072 |
| Edition number | 22 |
| Item number | EAS |
| 100 ## - MAIN ENTRY--PERSONAL NAME | |
| 9 (RLIN) | 2909 |
| Personal name | Easterby-Smith, Mark |
| 245 00 - TITLE STATEMENT | |
| Title | Management Research / |
| Statement of responsibility, etc | Mark Easterby-Smith, Richard Thorpe, Paul R. Jackson. |
| 250 ## - EDITION STATEMENT | |
| Edition statement | 3rd ed. |
| 260 ## - PUBLICATION, DISTRIBUTION, ETC. (IMPRINT) | |
| Place of publication, distribution, etc | Los Angeles ; |
| -- | London : |
| Name of publisher, distributor, etc | SAGE, |
| Date of publication, distribution, etc | c2008. |
| 300 ## - PHYSICAL DESCRIPTION | |
| Extent | xvi, 351 p. : |
| Other physical details | ill. ; |
| Dimensions | 24 cm. |
| 500 ## - GENERAL NOTE | |
| General note | Includes Internet access. |
| 500 ## - GENERAL NOTE | |
| General note | Previous ed.: published as by Mark Easterby-Smith, Richard Thorpe, Andy Lowe. 2001. |
| 504 ## - BIBLIOGRAPHY, ETC. NOTE | |
| Bibliography, etc | Includes bibliographical references (p. 335-345) and index. |
| 650 #0 - SUBJECT ADDED ENTRY--TOPICAL TERM | |
| Topical term or geographic name as entry element | Management |
| General subdivision | Research. |
| 9 (RLIN) | 2910 |
| 650 #0 - SUBJECT ADDED ENTRY--TOPICAL TERM | |
| Topical term or geographic name as entry element | Operations research. |
| 9 (RLIN) | 2911 |
| 650 #0 - SUBJECT ADDED ENTRY--TOPICAL TERM | |
| Topical term or geographic name as entry element | Organizational behavior. |
| 9 (RLIN) | 2912 |
| 700 1# - ADDED ENTRY--PERSONAL NAME | |
| Personal name | Easterby-Smith, Mark. |
| 9 (RLIN) | 2913 |
| 700 1# - ADDED ENTRY--PERSONAL NAME | |
| Personal name | Thorpe, Richard, |
| Dates associated with a name | 1951- |
| 9 (RLIN) | 2914 |
| 700 1# - ADDED ENTRY--PERSONAL NAME | |
| Personal name | Jackson, Paul |
| Fuller form of name | (Paul R.) |
| 9 (RLIN) | 2915 |
| 700 1# - ADDED ENTRY--PERSONAL NAME | |
| Personal name | Easterby-Smith, Mark. |
| Title of a work | Management research. |
| 9 (RLIN) | 2916 |
| 942 ## - ADDED ENTRY ELEMENTS (KOHA) | |
| Source of classification or shelving scheme | Dewey Decimal Classification |
| Item type | Book - Borrowing |
| Withdrawn status | Item status | Source of classification or shelving scheme | Damaged status | Not for loan | Vendor | Home library | Current library | Shelving location | Date acquired | Source of acquisition | Cost, normal purchase price | Serial Enumeration / chronology | Total Checkouts | Total Renewals | Full call number | Barcode | Date last seen | Date last borrowed | Koha item type |
|---|---|---|---|---|---|---|---|---|---|---|---|---|---|---|---|---|---|---|---|
| Dewey Decimal Classification | Alahram | Central Library | Central Library | First floor | 31/03/2009 | 180.00 | 349 | 1 | 1 | 650.072 EAS | 000015737 | 15/07/2025 | 10/05/2015 | Book - Borrowing |